000 00905nmc a2200289 a 4500
003 AR-BaBNM
005 20251128203243.0
008 011101s1968 ||||||||||||||000 | spa||
040 _cAR-BaBNM
100 1 _aKoopman, G. Robert
245 1 0 _aDesarrollo del currículum
260 _aBuenos Aires
_bTroquel
_bCentro Regional de Ayuda Ténica. Agencia para el Desarrollo Internacional
_c1968
300 0 _a172 p.
490 0 _aBiblioteca de la nueva educación
500 0 _aContiene glosario
504 _aBibliografía: p. 163-164
650 4 _aCURRICULO
650 4 _aPLANIFICACION DEL CURRICULO
650 4 _aTOMA DE DECISIONES
650 4 _aINVESTIGACION SOBRE EL CURRICULO
650 4 _aTEORIAS DE LA EDUCACION
650 4 _aEVALUACION DEL CURRICULO
700 1 _aHerrick, Theral T.
_eprologuista
700 1 _aZavala Argerich, Marta M.
_etraductor
942 _cBK
998 _cSILVI
999 _c2582
_d2582